Лингвоцветовые картины мира в поэзии Н. Заболоцкого и Р. Фроста (сопоставительное исследование) (Запись № 707447)

Подробности
000 -МАРКЕР
контрольное поле 03831nam0a2200517 4500
001 - ИДЕНТИФИКАТОР ЗАПИСИ
контрольное поле RU\NLR\bibl\1035058
005 - ИДЕНТИФИКАТОР ВЕРСИИ
контрольное поле 20260406151528.0
010 ## - МЕЖДУНАРОДНЫЙ СТАНДАРТНЫЙ НОМЕР КНИГИ (ISBN)
Номер (ISBN) 5-85944-203-3
Тираж 100
021 ## - НОМЕР ГОСУДАРСТВЕННОЙ РЕГИСТРАЦИИ
Код страны Российская Федерация
Номер 2006-78533
Номер Листа государственной регистраци 3983
035 ## - ДРУГИЕ СИСТЕМНЫЕ НОМЕРА
Идентификатор записи (NLR Aleph) 001022495
035 ## - ДРУГИЕ СИСТЕМНЫЕ НОМЕРА
Идентификатор записи (nilc)RSL-KNO-002994661
100 ## - ДАННЫЕ ОБЩЕЙ ОБРАБОТКИ
Данные общей обработки 20061208d2006 u y0rusy50 ca
101 0# - ЯЗЫК РЕСУРСА
Язык текста, звукозаписи и т.д. русский
102 ## - СТРАНА ПУБЛИКАЦИИ ИЛИ ПРОИЗВОДСТВА
Страна публикации Российская Федерация
105 ## - ПОЛЕ КОДИРОВАННЫХ ДАННЫХ: ТЕКСТОВЫЕ МАТЕРИАЛЫ, МОНОГРАФИЧЕСКИЕ
Кодированные данные о монографическом текстовом документе a zzzz|||||
106 ## - ПОЛЕ КОДИРОВАННЫХ ДАННЫХ: ТЕКСТОВЫЕ РЕСУРСЫ – ФОРМА
Форма ресурса: кодированные данные: обозначение носителя r
200 1# - ЗАГЛАВИЕ И СВЕДЕНИЯ ОБ ОТВЕТСТВЕННОСТИ
Основное заглавие Лингвоцветовые картины мира в поэзии Н. Заболоцкого и Р. Фроста (сопоставительное исследование)
Первые сведения об ответственности Тимофеева Альбина Михайловна
Последующие сведения об ответственности Федеральное агентство по образованию, Гос. образовательное учреждение высш. проф. образования "Тюменский гос. нефтегазовый ун-т", Фил. "Тобольский индустриальный ин-т"
210 ## - ПУБЛИКАЦИЯ, РАСПРОСТРАНЕНИЕ И ДР.
Место издания, распространения и т.д. Тобольск
Имя издателя, распространителя и т. д. ТГПИ
Дата издания, распространения и т.д. 2006
Место изготовления Тобольск
Имя изготовителя Минитипография Тобольского гос. пед. ин-та им. Д.И. Менделеева
215 ## - ФИЗИЧЕСКАЯ ХАРАКТЕРИСТИКА
Специфическое обозначение материала и объем 202 с.
Другие сведения о физической характеристике табл.
Размеры 20
300 ## - ОБЩИЕ ПРИМЕЧАНИЯ
Текст примечания На 4-й с. обл. авт.: А.М. Тимофеева - к.филол.н., доц.
320 ## - ПРИМЕЧАНИЯ О НАЛИЧИИ В ДОКУМЕНТЕ БИБЛИОГРАФИИ / УКАЗАТЕЛЯ
Текст примечания Библиогр.: с. 194-201
600 #1 - ИМЯ ЛИЦА КАК ПРЕДМЕТ
Начальный элемент ввода Заболоцкий
Часть имени, кроме начального элемента ввода Н.А.
Даты 1903 - 1958
Расширение инициалов личного имени Николай Алексеевич
Тематический подзаголовок Язык и стиль
Системный номер авторитетной/нормативной записи 1081743
Идентификатор авторитетной/нормативной записи RU\NLR\auth\66422912
604 ## - ИМЯ И ЗАГЛАВИЕ КАК ПРЕДМЕТ
Связываемые данные 200#1$aФрост$bР.$gРоберт$f1874 - 1963
-- 2351#$aПоэзия
Имя лица Фрост, Роберт (1874 - 1963)
Заглавие Поэзия
Идентификатор авторитетной/нормативной записи RU\NLR\AUTH\661449330
Системный номер авторитетной/нормативной записи 2435560
606 1# - НАИМЕНОВАНИЕ ТЕМЫ КАК ПРЕДМЕТ
Наименование темы Русский язык
Тематический подзаголовок Сравнительная семантика
-- Английский язык
Системный номер авторитетной/нормативной записи 1560970
Идентификатор авторитетной/нормативной записи RU\NLR\auth\66983185
606 1# - НАИМЕНОВАНИЕ ТЕМЫ КАК ПРЕДМЕТ
Наименование темы Английский язык
Тематический подзаголовок Сравнительная семантика
-- Русский язык
Системный номер авторитетной/нормативной записи 975443
Идентификатор авторитетной/нормативной записи RU\NLR\auth\6647678
606 1# - НАИМЕНОВАНИЕ ТЕМЫ КАК ПРЕДМЕТ
Наименование темы Картина мира (лингв.)
Системный номер авторитетной/нормативной записи 2410731
Идентификатор авторитетной/нормативной записи RU\NLR\auth\661436371
610 0# - НЕКОНТРОЛИРУЕМЫЕ ПРЕДМЕТНЫЕ ТЕРМИНЫ
Предметный термин Филологические науки. Художественная литература -- Российская Федерация -- Русская литература -- с 1917 г. -- Персоналии писателей -- Заболоцкий Николай Алексеевич (1903-1958) - писатель -- Исследования произведений писателя по жанрам -- Поэтические произведения
610 0# - НЕКОНТРОЛИРУЕМЫЕ ПРЕДМЕТНЫЕ ТЕРМИНЫ
Предметный термин Филологические науки. Художественная литература -- США -- Американская литература -- с 1945 г. -- Персоналии писателей -- Фрост Роберт (1874*-1963) - писатель -- Исследования произведений писателя по жанрам -- Потические произведения
686 ## - ИНДЕКСЫ ДРУГИХ КЛАССИФИКАЦИЙ
Индекс Ш5(2=Р)7-4ЗаболоцкийН.А.535,0
Код системы
686 ## - ИНДЕКСЫ ДРУГИХ КЛАССИФИКАЦИЙ
Индекс Ш5(7США)62-4Фрост Р.535,0
Код системы
686 ## - ИНДЕКСЫ ДРУГИХ КЛАССИФИКАЦИЙ
Индекс Ш5(2=Р)7-4Заболоцкий
686 ## - ИНДЕКСЫ ДРУГИХ КЛАССИФИКАЦИЙ
Индекс Ш5(7США)6-4Фрост535
686 ## - ИНДЕКСЫ ДРУГИХ КЛАССИФИКАЦИЙ
Индекс Ш143.21-32в
686 ## - ИНДЕКСЫ ДРУГИХ КЛАССИФИКАЦИЙ
Индекс Ш141.12-32в
686 ## - ИНДЕКСЫ ДРУГИХ КЛАССИФИКАЦИЙ
Индекс Ш100.4
700 #1 - ИМЯ ЛИЦА - ПЕРВИЧНАЯ ОТВЕТСТВЕННОСТЬ
Код отношения Автор
Начальный элемент ввода Тимофеева
Часть имени, кроме начального элемента ввода А. М.
Дополнения к именам, кроме дат канд. филол. наук
Расширение инициалов личного имени Альбина Михайловна
Системный номер авторитетной/нормативной записи 148088
Идентификатор авторитетной/нормативной записи RU\NLR\AUTH\770148124
702 #1 - ИМЯ ЛИЦА - ВТОРИЧНАЯ ОТВЕТСТВЕННОСТЬ
Код отношения Прочие
Материалы, к которым относится поле rus
Графика поля Кириллица
Начальный элемент ввода Заболоцкий
Часть имени, кроме начального элемента ввода Н. А.
Даты 1903-1958
Расширение инициалов личного имени Николай Алексеевич
Идентификатор авторитетной/нормативной записи RU\NLR\auth\775377
Системный номер авторитетной/нормативной записи 115341
702 #1 - ИМЯ ЛИЦА - ВТОРИЧНАЯ ОТВЕТСТВЕННОСТЬ
Код отношения Прочие
Материалы, к которым относится поле rus
Графика поля Кириллица
Начальный элемент ввода Фрост
Часть имени, кроме начального элемента ввода Р.
Даты 1874-1963
Расширение инициалов личного имени Роберт
Идентификатор авторитетной/нормативной записи RU\NLR\auth\7711402
Системный номер авторитетной/нормативной записи 121149
801 #0 - ИСТОЧНИК ЗАПИСИ
Страна Российская Федерация
Организация РКП
Дата составления 20061208
Правила каталогизации rcr
801 #1 - ИСТОЧНИК ЗАПИСИ
Страна Российская Федерация
Организация РГБ
Дата составления 20061208
801 #2 - ИСТОЧНИК ЗАПИСИ
Страна Российская Федерация
Организация NLR
Дата составления 20070123
Правила каталогизации rcr
942 ## - ДОПОЛНИТЕЛЬНЫЕ ЭЛЕМЕНТЫ ЗАПИСИ (АБИС)
Тип экземпляра АБИС Книга
980 ## - КОЛЛЕКЦИЯ
Название коллекции Национальная библиография
Экземпляры
Тип экземпляра Дата поступления Источник поступления Библиотека постоянного хранения Библиотека текущего хранения Место хранения Шифр хранения Штрих-код Статус экземпляра
Книга 23.01.2007 Обязательный экземпляр РНБ (Московский) РНБ (Московский) Русский книжный фонд: издания с 1957 года 2007-3/1638 1-513526  
Книга 23.01.2007 Обязательный экземпляр РНБ (Московский) РНБ (Московский) Русский книжный фонд: издания с 1957 года 2007-3/1638 2345465